Municípios da Região Metropolitana de Barra de Santa Rosa (PB) no mapa - Statistics

Estatísticas Gerais
  • Esse quiz foi jogado 35 vezes
  • A pontuação média é 5 de 8
Respostas no mapa
Respostas codificadas por cores de uma escala verde-vermelha no mapa do quiz de acordo com a % correta abaixo.
 
Estatísticas das Respostas
Município % Correto
Barra de Santa Rosa
100%
Picuí
72%
Cuité
61%
Nova Floresta
61%
Nova Palmeira
56%
Baraúna
44%
Sossêgo
44%
Frei Martinho
39%
Nenhum quiz correspondente encontrado
Distribuição das Pontuações
Porcentagem de Pessoas com Cada Pontuação
Percentil de Números Respondidos
Sua Pontuação Histórica
Você não jogou esse quiz